Who's seeking a change of pace? (Record no. 75107)

MARC details
000 -LEADER
fixed length control field 01297cab a2200181 4500
001 - CONTROL NUMBER
control field L129435
008 - FIXED-LENGTH DATA ELEMENTS--GENERAL INFORMATION
fixed length control field 050419n2005 000 0 eng u
035 ## - SYSTEM CONTROL NUMBER
System control number (Sirsi) u129435
041 ## - LANGUAGE CODE
Language code of text/sound track or separate title eng
100 ## - MAIN ENTRY--PERSONAL NAME
Personal name Norwood, Graham
245 ## - TITLE STATEMENT
Title Who's seeking a change of pace?
260 ## - PUBLICATION, DISTRIBUTION, ETC.
Date of publication, distribution, etc. 2005
490 ## - SERIES STATEMENT
Series statement Estates Gazette
Volume/sequential designation (0515)16 April 2005 62-65(4)
520 ## - SUMMARY, ETC.
Summary, etc. Reports on FPD Savills residential research department's lifestyle analysis of second-home owners and their quantification for the first time of the second-home market in England. Savills found that there were 299 186 second homes in England in its snapshot period of November 2004. Discusses the unexpected results in respect of the location and ownership of second homes and notes the negative public perception of second-home buyers in the UK. Indicates that most UK second-home owners buy property abroad because UK prices are generally so high. Focuses on second-home parks and the restrictions second homes face in the national parks. Tables cover the top five English second-home locations, the top second-home locations by percentage of local housing and who owns second homes in England.
590 ## - LOCAL NOTE (RLIN)
Local note IKA290405
690 ## - LOCAL SUBJECT ADDED ENTRY--TOPICAL TERM (OCLC, RLIN)
Topical term or geographic name as entry element PROPERTY-RESIDENTIAL PROPERTY-DOMESTIC RESIDENTIAL PROPERTY-HOUSING-SECOND HOMES
942 ## - ADDED ENTRY ELEMENTS (KOHA)
Suppress in OPAC 0
Holdings
Withdrawn status Lost status Source of classification or shelving scheme Damaged status Not for loan Home library Current library Shelving location Date acquired Total Checkouts Full call number Barcode Date last seen Copy number Price effective from Koha item type
    Dewey Decimal Classification     London London Journal article 19/04/2005   L129435 129435-1001 06/08/2019 1 06/08/2019 Journal article